Word Ladder: Disney Classic Quiz Stats

Quiz Updated Oct 23, 2014

Challenge
Share
Tweet
Embed
Score 0/27 Timer 03:00
1 Play Today
Clue 4-Letter Word % Correct
Mane-sporting big catLION
94.7%
Circle of ____LIFE
94.6%
Female spouseWIFE
93.2%
Grown-up's grape juiceWINE
92.8%
Briefly close one eyeWINK
91.6%
Bird's homeNEST
91.1%
Where you might skateRINK
90.6%
Brother of MufasaSCAR
89.8%
BoulderROCK
88.1%
Good name for a DalmatianSPOT
88.1%
Chimney gritSOOT
87.5%
Any minute nowSOON
85.7%
London elevatorLIFT
85.5%
Brush with tongueLICK
85%
Clue 4-Letter Word % Correct
Little argumentSPAT
84.5%
ChairSEAT
84.4%
'Crazy' birdLOON
84%
Train for a boxing matchSPAR
83.9%
'I Just Can't Wait To Be ____'KING
83.6%
'Casablanca' cafe owner RICK
82.4%
Tidy, unmixedNEAT
81.8%
Wrestling holdLOCK
80.7%
Lisa '____-eye' LopezLEFT
77.6%
ConnectLINK
77.4%
For fear thatLEST
75.5%
Wordless vocal improvisationSCAT
75.1%
Unwanted creaseKINK
71.5%

Today's Daily Dose

Missing Word
1974 Movies A-Z

Word Ladder
The White Album

Quick Pick
Gods of War

On This Day
February 22nd II

You're not logged in!

Compare scores with friends on all Sporcle quizzes.
Sign Up with Email
OR
Log In

You Might Also Like...

Show Comments

Extras

Top Quizzes Today


Score Distribution

Your Account Isn't Verified!

In order to create a playlist on Sporcle, you need to verify the email address you used during registration. Go to your Sporcle Settings to finish the process.